00825nam a2200229 i 450000100060000000300090000600500170001500700030003200800410003510000400007624500610011625000150017726000320019230000220022450500920024674000350033874000230037374000300039685200310042699900170045795201210047443167ES-MaACL20240421063014.0t|030317s1978 sp ||||1| spa d1 aCelaya, Gabriel, d1911-199193734610aPoesias completas b: IV (1955-1969) / cGabriel Celaya. a[1ª ed.]. aBarcelona : bLaia, c1978. a139 p. ; c18 cm.8 aContiene: Las resistencias del diamante ; De claro en claro ; El corazón en su sitio.4 aLas resistencias del diamante.3 aDe claro en claro.3 aEl corazón en su sitio. aES-MaACLjA-9170 bR.98139 c43167d43167 00104070aATENEOMbATENEOMcDEPO1d2008-01-17eSCl0oA-9170p1045437r2023-02-23 00:00:00w2023-02-23yMONOGRAFIA